The Circle Maker (Record no. 11974)

MARC details
000 -LEADER
fixed length control field 00326nam a22001337a 4500
008 - FIXED-LENGTH DATA ELEMENTS--GENERAL INFORMATION
fixed length control field 220209b ||||| |||| 00| 0 eng d
020 ## - INTERNATIONAL STANDARD BOOK NUMBER
International Standard Book Number 9780310346913
050 ## - LIBRARY OF CONGRESS CALL NUMBER
Classification number 248.32
Item number 1
100 ## - MAIN ENTRY--PERSONAL NAME
Personal name Batterson Mark
245 ## - TITLE STATEMENT
Title The Circle Maker
260 ## - PUBLICATION, DISTRIBUTION, ETC. (IMPRINT)
Place of publication, distribution, etc. USA
Name of publisher, distributor, etc. Agency of Fedd & Company
Date of publication, distribution, etc. 2016
300 ## - PHYSICAL DESCRIPTION
Extent 235.P
942 ## - ADDED ENTRY ELEMENTS (KOHA)
Source of classification or shelving scheme Dewey Decimal Classification
Koha item type BOOK
Holdings
Withdrawn status Lost status Source of classification or shelving scheme Damaged status Not for loan Home library Current library Shelving location Date acquired Full call number Barcode Date last seen Price effective from Koha item type
    Dewey Decimal Classification     Good Samaritan School Library Good Samaritan School Library RELIGION 02/09/2022 248.32 , E-9 BAT17013 02/09/2022 02/09/2022 BOOK

Powered by Koha